State Aliases (Nicknames) - Statistics

General Stats
  • This quiz has been taken 8 times
  • The average score is 14 of 15
Answer Stats
Question Answer % Correct
The Last Frontier Alaska
100%
The Natural State Arkansas
100%
The First State Delaware
100%
The Peach State Georgia
100%
Sunflower State Kansas
100%
Pelican State Louisiana
100%
Bay state Massachusetts
100%
Empire State New York
100%
Buckeye State Ohio
100%
The Golden State California
88%
Ocean State Rhode Island
88%
The Evergreen State Washington
88%
Cotton State Alabama
75%
The Treasure State Montana
75%
Cornhusker State Nevada
63%
No matching quizzes found
Score Distribution
Percent of People with Each Score
Percentile by Number Answered
Your Score History
You have not taken this quiz